La Reconquête - Un projet politique entre chrétienté et Islam : Un projet politique entre chrétienté et Islam (notice n° 2198281)

détails MARC
000 -LEADER
fixed length control field 01677cam a2200133 4500500
005 - DATE AND TIME OF LATEST TRANSACTION
control field 20260405085526.0
041 ## - LANGUAGE CODE
Language code of text/sound track or separate title fre
042 ## - AUTHENTICATION CODE
Authentication code dc
100 10 - MAIN ENTRY--PERSONAL NAME
Personal name Baloup, Daniel
Relator term author
245 00 - TITLE STATEMENT
Title La Reconquête - Un projet politique entre chrétienté et Islam : Un projet politique entre chrétienté et Islam
260 ## - PUBLICATION, DISTRIBUTION, ETC.
Name of publisher, distributor, etc. Armand Colin,<br/>
Date of publication, distribution, etc. 2023.<br/>
520 ## - SUMMARY, ETC.
Summary, etc. La Reconquête, qui a confronté la Chrétienté et l’Islam en péninsule Ibérique au Moyen Âge, a trop souvent été réduite à l’effort obstiné des puissances chrétiennes hispaniques pour débarrasser leur sol de la présence musulmane.En réalité, cet épisode historique doit plutôt être regardé comme la matrice d’un modèle de relations entre ces deux entités construit par tâtonnements, au gré de circonstances souvent changeantes. Si le projet de récupération des terres de l’ancien royaume wisigothique est très tôt formulé (dès la fin du IXe siècle), la question du modèle politique et social sur lequel fonder leur puissance restaurée demeure ouverte jusqu’à l’aboutissement de cette entreprise, à la fin du XVe siècle, et même un peu au-delà.Cet ouvrage suit ce parcours incertain en montrant comment les catégories et les pratiques qui articulent ensuite la relation entre Chrétienté et Islam s’élaborent, non sans hésitations. Les phénomènes décrits s’inscrivent dans un contexte spécifique (la péninsule Ibérique) mais aussi dans la prise en compte de tendances qui se manifestent à l’échelle de l’Occident latin et du monde musulman.
856 41 - ELECTRONIC LOCATION AND ACCESS
Uniform Resource Identifier <a href="https://shs.cairn.info/la-reconquete--9782200632625?lang=fr&redirect-ssocas=7080">https://shs.cairn.info/la-reconquete--9782200632625?lang=fr&redirect-ssocas=7080</a>

Pas d'exemplaire disponible.

PLUDOC

PLUDOC est la plateforme unique et centralisée de gestion des bibliothèques physiques et numériques de Guinée administré par le CEDUST. Elle est la plus grande base de données de ressources documentaires pour les Étudiants, Enseignants chercheurs et Chercheurs de Guinée.

Adresse

627 919 101/664 919 101

25 boulevard du commerce
Kaloum, Conakry, Guinée

Réseaux sociaux

Powered by Netsen Group @ 2025